| 000 | 00694nam a2200205Ii 4500 | ||
|---|---|---|---|
| 003 | JO-AjNU | ||
| 008 | 230605s9999||||xx |||||||||||||| ||und|| | ||
| 040 |
_aJO-AjNU _bara _erda _cJO-AjNU |
||
| 041 | _aara | ||
| 050 | 1 | 4 | _aPQ2246.M2.A7 2003 |
| 100 | 3 |
_aفلوبير، غوستاف ؛ ترجمة الدار ؛ مراجعة محمد إنصاف طرابلسي, _eauthor _918555 |
|
| 245 | 0 | 0 | _aعشيق مدام آرنو |
| 250 | _aط1 | ||
| 264 | 3 | 1 | _aدمشق: دار أسامة، 2003 |
| 300 | _a288ص | ||
| 336 |
_atext _btxt _2rdacontent |
||
| 337 |
_aunmediated _bn _2rdamedia |
||
| 338 |
_avolume _bnc _2rdacarrier |
||
| 650 | 4 |
_aالأدب العربي - ترجمة - روايات _918556 |
|
| 999 |
_aA5957 _c9525 _d9525 |
||